[Event "EYCC 2017"]
[Site "Mamaia"]
[Date "2017.09.11"]
[Round "6"]
[White "Ribstein, Orel"]
[Black "Hajdu, Marton Abris"]
[Result "0-1"]
[WhiteElo "1464"]
[BlackElo "1280"]
[Annotator "NA"]
[PlyCount "84"]
[EventDate "2017.??.??"]
[EventType "swiss"]
[EventCountry "ROU"]
[SourceTitle "playchess.com"]
[Source "ChessBase"]
[SourceQuality "1"]
[TimeControl "40/5400+30:1800+30"]

1. d4 {[%emt 0:00:00]} Nf6 {[%emt 0:02:51]} 2. Nc3 {[%emt 0:00:01]} d5 {[%emt 0:00:40]} 3. Bf4 {[%emt 0:00:55]} a6 {[%emt 0:01:15]} 4. Qd2 {[%emt 0:02:02]} Bf5 {[%emt 0:00:13]} 5. f3 {[%emt 0:00:46]} h5 {[%emt 0:01:03]} 6. e3 {[%emt 0:06:47]} g6 {[%emt 0:02:03]} 7. Nge2 {[%emt 0:01:09]} b5 {[%emt 0:02:55]} 8. a3 {[%emt 0:02:10]} Bg7 {[%emt 0:00:27]} 9. Ng3 {[%emt 0:00:44]} Bd7 {[%emt 0:00:13]} 10. Bg5 {[%emt 0:07:16]} c6 {[%emt 0:01:38]} 11. Bd3 {[%emt 0:05:14]} a5 {[%emt 0:01:30]} 12. Nge2 {[%emt 0:03:05]} Be6 {[%emt 0:04:23]} 13. Nf4 {[%emt 0:00:17]} Bd7 {[%emt 0:02:11]} 14. O-O {[%emt 0:07:37]} h4 {[%emt 0:01:23]} 15. Bxg6 {[%emt 0:02:12]} fxg6 {[%emt 0:01:00]} 16. Nxg6 {[%emt 0:00:09]} Rh5 {[%emt 0:00:58]} 17. Bxh4 {[%emt 0:01:50]} Rh6 {[%emt 0:02:57]} 18. Qd3 {[%emt 0:03:02]} Qc8 {[%emt 0:09:03]} 19. g4 {[%emt 0:06:31]} Bxg4 {[%emt 0:02:53]} 20. Ne5 {[%emt 0:02:53]} Bf5 {[%emt 0:00:57]} 21. e4 {[%emt 0:01:30]} Bh3 {[%emt 0:02:11]} 22. Bg5 {[%emt 0:07:27]} Bxf1 {[%emt 0:01:18]} 23. Rxf1 {[%emt 0:00:02]} Rh5 {[%emt 0:02:30]} 24. Bxf6 {[%emt 0:00:35]} Bxf6 {[%emt 0:01:17]} 25. exd5 {[%emt 0:00:15]} Rg5+ {[%emt 0:01:24]} 26. Ng4 {[%emt 0:04:51]} Nd7 {[%emt 0:05:48]} 27. h4 {[%emt 0:03:02]} Rg7 {[%emt 0:03:38]} 28. h5 {[%emt 0:01:14]} Qc7 {[%emt 0:01:13]} 29. dxc6 {[%emt 0:07:18]} Qg3+ {[%emt 0:03:29]} 30. Kh1 {[%emt 0:02:24]} Qh3+ {[%emt 0:01:40]} 31. Kg1 {[%emt 0:00:17]} Rxg4+ {[%emt 0:04:55]} 32. fxg4 {[%emt 0:01:21]} Qxg4+ {[%emt 0:00:10]} 33. Kh1 {[%emt 0:07:20]} Qxh5+ {[%emt 0:00:30]} 34. Kg2 {[%emt 0:01:10]} Nb6 {[%emt 0:05:26]} 35. Qxb5 {[%emt 0:06:28]} Qg4+ {[%emt 0:01:19]} 36. Kh2 {[%emt 0:02:16]} Kf7 {[%emt 0:03:47]} 37. Qb3+ {[%emt 0:03:20]} e6 {[%emt 0:00:30]} 38. Rxf6+ {[%emt 0:01:05]} Kxf6 {[%emt 0:00:14]} 39. Ne4+ {[%emt 0:00:02]} Qxe4 {[%emt 0:00:21]} 40. Qxb6 {[%emt 0:00:00]} Rh8+ 41. Kg3 {[%emt 0:00:21]} Qe3+ {[%emt 0:00:46]} 42. Kg4 {[%emt 0:00:11]} Rg8+ {[%emt 0:00:14]} 0-1

[Event "EYCC 2017"]
[Site "Mamaia"]
[Date "2017.09.11"]
[Round "6"]
[White "Zavivaeva, Evelina"]
[Black "Svergina, Sofya"]
[Result "0-1"]
[WhiteElo "1406"]
[BlackElo "1472"]
[Annotator "NA RC"]
[PlyCount "126"]
[EventDate "2017.??.??"]
[EventType "swiss"]
[EventCountry "ROU"]
[SourceTitle "playchess.com"]
[Source "ChessBase"]
[SourceQuality "1"]
[TimeControl "40/5400+30:1800+30"]

1. e4 {[%emt 0:00:00]} e6 {[%emt 0:00:24]} 2. d4 {[%emt 0:00:00]} d5 {[%emt 0:00:11]} 3. Nc3 {[%emt 0:00:03]} Nf6 {[%emt 0:00:21]} 4. Bg5 {[%emt 0:00:17]} dxe4 {[%emt 0:00:07]} 5. Nxe4 {[%emt 0:00:19]} Be7 {[%emt 0:00:08]} 6. Bxf6 {[%emt 0:02:24]} gxf6 {[%emt 0:00:53]} 7. Nf3 {[%emt 0:01:20]} f5 {[%emt 0:00:24]} 8. Nc3 {[%emt 0:00:52]} a6 {[%emt 0:00:46]} 9. Bc4 {[%emt 0:01:25]} b5 {[%emt 0:00:40]} 10. Bb3 {[%emt 0:05:08]} Bb7 {[%emt 0:01:55]} 11. a3 {[%emt 0:05:23]} c5 {[%emt 0:01:35]} 12. O-O {[%emt 0:09:00]} O-O {[%emt 0:05:59]} 13. Re1 Kh8 {[%emt 0:08:51]} 14. Kh1 {[%emt 0:13:32]} Rg8 {[%emt 0:01:59]} 15. Rg1 {[%emt 0:04:56]} cxd4 {[%emt 0:07:39]} 16. Nxd4 {[%emt 0:01:03]} Bc5 {[%emt 0:04:33]} 17. Nce2 {[%emt 0:06:14]} Qd7 {[%emt 0:12:57]} 18. Qd3 {[%emt 0:05:30]} e5 {[%emt 0:17:16]} 19. Nxf5 {[%emt 0:03:23]} Qxd3 {[%emt 0:00:56]} 20. cxd3 {[%emt 0:00:23]} Bxf2 {[%emt 0:00:40]} 21. Bxf7 {[%emt 0:00:45]} Rg5 {[%emt 0:00:46]} 22. Neg3 {[%emt 0:08:42]} Bxg1 {[%emt 0:00:37]} 23. Kxg1 {[%emt 0:01:44]} Nd7 {[%emt 0:00:42]} 24. h4 {[%emt 0:07:07]} Rg4 {[%emt 0:00:11]} 25. Kh2 {[%emt 0:02:48]} Nf6 {[%emt 0:04:30]} 26. Re1 {[%emt 0:05:43]} e4 {[%emt 0:06:33]} 27. dxe4 {[%emt 0:02:43]} Nxe4 {[%emt 0:00:57]} 28. Nxe4 {[%emt 0:02:38]} Rxe4 {[%emt 0:00:21]} 29. Rxe4 {[%emt 0:01:38]} Bxe4 {[%emt 0:00:05]} 30. Nd6 {[%emt 0:00:31]} Rf8 {[%emt 0:01:02]} 31. Be6 {[%emt 0:00:55]} Bg6 {[%emt 0:01:02]} 32. Kg3 {[%emt 0:01:12]} Rf6 {[%emt 0:00:17]} 33. Nxb5 {[%emt 0:03:41]} Rxe6 {[%emt 0:00:47]} 34. Nc3 {[%emt 0:01:26]} Rb6 {[%emt 0:01:02]} 35. b4 {[%emt 0:00:26]} Rd6 {[%emt 0:00:24]} 36. Na4 {[%emt 0:02:15]} Rd3+ {[%emt 0:00:07]} 37. Kf4 {[%emt 0:00:15]} Rxa3 {[%emt 0:00:07]} 38. Nc5 {[%emt 0:00:08]} Bd3 {[%emt 0:00:24]} 39. Ke5 {[%emt 0:00:34]} a5 {[%emt 0:00:16]} 40. Kd4 {[%emt 0:00:00]} Bf1 {[%emt 0:00:25]} 41. bxa5 {[%emt 0:01:59]} Rxa5 {[%emt 0:00:05]} 42. g4 {[%emt 0:00:13]} Bh3 {[%emt 0:00:32]} 43. g5 {[%emt 0:00:28]} Bg4 {[%emt 0:00:08]} 44. Kc4 {[%emt 0:01:37]} Kg7 {[%emt 0:00:17]} 45. Kb4 {[%emt 0:00:15]} Ra1 {[%emt 0:00:06]} 46. Nd3 {[%emt 0:00:51]} Rh1 {[%emt 0:00:08]} 47. Nf2 {[%emt 0:01:46]} Rxh4 {[%emt 0:00:04]} 48. Kc5 {[%emt 0:00:18]} Rh5 {[%emt 0:00:19]} 49. Kd4 {[%emt 0:00:25]} Rxg5 {[%emt 0:00:06]} 50. Ke4 {[%emt 0:00:20]} h5 {[%emt 0:00:30]} 51. Kf4 {[%emt 0:00:10]} Rf5+ {[%emt 0:00:05]} 52. Kg3 {[%emt 0:00:23]} h4+ {[%emt 0:00:28]} 53. Kg2 {[%emt 0:00:24]} h3+ {[%emt 0:00:25]} 54. Kg3 {[%emt 0:00:23]} h2 {[%emt 0:00:13]} 55. Nh1 {[%emt 0:00:09]} Bf3 {[%emt 0:00:23]} 56. Nf2 {[%emt 0:00:08]} h1=Q {[%emt 0:00:07]} 57. Nxh1 {[%emt 0:00:10]} Bxh1 58. Kg4 Kg6 {[%emt 0:00:12]} 59. Kg3 {[%emt 0:00:31]} Kg5 {[%emt 0:00:18]} 60. Kh2 {[%emt 0:00:54]} Kh4 {[%emt 0:00:05]} 61. Kxh1 {[%emt 0:00:30]} Kg3 {[%emt 0:00:02]} 62. Kg1 {[%emt 0:00:16]} Rf2 {[%emt 0:00:07]} 63. Kh1 {[%emt 0:00:09]} Rf1# {[%emt 0:00:04]} 0-1

[Event "EYCC 2017"]
[Site "Mamaia"]
[Date "2017.09.11"]
[Round "6"]
[White "Zubkovskaya, Ekaterina"]
[Black "Mkrtchyan, Anahit"]
[Result "1-0"]
[WhiteElo "1399"]
[BlackElo "1806"]
[Annotator "NA RC"]
[PlyCount "97"]
[EventDate "2017.??.??"]
[EventType "swiss"]
[EventCountry "ROU"]
[SourceTitle "playchess.com"]
[Source "ChessBase"]
[SourceQuality "1"]
[TimeControl "40/5400+30:1800+30"]

1. e4 {[%emt 0:00:00]} e5 {[%emt 0:00:07]} 2. d4 {[%emt 0:00:00]} exd4 {[%emt 0:00:08]} 3. Qxd4 {[%emt 0:00:37]} Nc6 4. Qe3 Bb4+ {[%emt 0:02:36]} 5. Nc3 {[%emt 0:00:59]} Qe7 {[%emt 0:00:40]} 6. Nf3 {[%emt 0:00:29]} d6 {[%emt 0:00:43]} 7. Bc4 {[%emt 0:00:18]} Nf6 {[%emt 0:00:19]} 8. Bd2 {[%emt 0:01:12]} Bc5 {[%emt 0:01:33]} 9. Qe2 {[%emt 0:00:17]} Bg4 {[%emt 0:00:22]} 10. Be3 {[%emt 0:04:16]} Bd4 {[%emt 0:05:50]} 11. Bd5 {[%emt 0:04:03]} Bxc3+ {[%emt 0:04:29]} 12. bxc3 {[%emt 0:00:20]} Nxe4 {[%emt 0:00:49]} 13. Bxc6+ {[%emt 0:00:38]} bxc6 {[%emt 0:00:18]} 14. Bd4 {[%emt 0:01:01]} Bxf3 {[%emt 0:00:53]} 15. gxf3 {[%emt 0:00:54]} Ng5 {[%emt 0:01:48]} 16. Be3 {[%emt 0:03:47]} h6 {[%emt 0:00:57]} 17. h4 {[%emt 0:07:16]} Ne6 {[%emt 0:01:03]} 18. f4 {[%emt 0:08:44]} Qf6 {[%emt 0:01:46]} 19. Kd2 {[%emt 0:00:44]} Kd7 {[%emt 0:00:46]} 20. Qg4 {[%emt 0:01:00]} Rab8 {[%emt 0:01:11]} 21. f5 {[%emt 0:01:52]} h5 {[%emt 0:01:10]} 22. fxe6+ {[%emt 0:02:16]} fxe6 {[%emt 0:01:36]} 23. Qh3 {[%emt 0:02:00]} Rb5 {[%emt 0:01:52]} 24. Bd4 {[%emt 0:03:43]} Rd5 {[%emt 0:00:38]} 25. Ke2 {[%emt 0:00:34]} Qg6 {[%emt 0:01:52]} 26. Qd3 {[%emt 0:02:31]} Qg4+ {[%emt 0:00:39]} 27. Qf3 {[%emt 0:00:34]} Qg6 {[%emt 0:00:27]} 28. Rac1 {[%emt 0:00:24]} c5 {[%emt 0:00:46]} 29. Be3 {[%emt 0:00:28]} Rf5 {[%emt 0:00:44]} 30. Qg3 {[%emt 0:00:20]} Qf6 31. Rhg1 Rh7 {[%emt 0:02:32]} 32. Qg6 {[%emt 0:00:49]} Qxh4 {[%emt 0:02:33]} 33. Rcd1 {[%emt 0:06:28]} Qc4+ {[%emt 0:01:32]} 34. Rd3 {[%emt 0:00:24]} Qxa2 {[%emt 0:02:04]} 35. Rc1 {[%emt 0:00:22]} c4 {[%emt 0:00:26]} 36. Rdd1 {[%emt 0:00:57]} Ke7 {[%emt 0:02:34]} 37. Qxh7 {[%emt 0:00:21]} a5 {[%emt 0:00:28]} 38. Qxg7+ {[%emt 0:00:18]} Rf7 {[%emt 0:00:05]} 39. Bg5+ {[%emt 0:00:38]} Ke8 {[%emt 0:00:15]} 40. Qg6 {[%emt 0:00:14]} a4 {[%emt 0:30:09]} 41. Qe4 {[%emt 0:30:32]} a3 {[%emt 0:00:38]} 42. Qa8+ {[%emt 0:00:00]} Kd7 {[%emt 0:00:00]} 43. Qa4+ {[%emt 0:00:00]} Kc8 {[%emt 0:00:00]} 44. Qb4 {[%emt 0:00:00]} Rf5 {[%emt 0:00:00]} 45. Be3 {[%emt 0:00:00]} h4 {[%emt 0:00:00]} 46. Qa4 {[%emt 0:00:00]} h3 {[%emt 0:00:00]} 47. Qe8+ {[%emt 0:00:00]} Kb7 {[%emt 0:00:00]} 48. Rb1+ {[%emt 0:00:00]} Ka6 {[%emt 0:00:00]} 49. Qa8# {[%emt 0:00:00]} 1-0

[Event "EYCC 2017"]
[Site "Mamaia"]
[Date "2017.09.11"]
[Round "6"]
[White "Mustu, Hatice Asli"]
[Black "Shvedova, Alexandra"]
[Result "1/2-1/2"]
[WhiteElo "1365"]
[BlackElo "1578"]
[Annotator "NA"]
[PlyCount "116"]
[EventDate "2017.??.??"]
[EventType "swiss"]
[EventCountry "ROU"]
[SourceTitle "playchess.com"]
[Source "ChessBase"]
[SourceQuality "1"]
[TimeControl "40/5400+30:1800+30"]

1. d4 {[%emt 0:00:00]} d5 {[%emt 0:00:06]} 2. Bf4 {[%emt 0:00:00]} Nf6 {[%emt 0:00:06]} 3. e3 {[%emt 0:00:00]} c5 {[%emt 0:00:09]} 4. c3 {[%emt 0:00:07]} Qb6 {[%emt 0:00:28]} 5. Qb3 {[%emt 0:00:30]} Nc6 {[%emt 0:00:08]} 6. Nd2 {[%emt 0:00:41]} c4 {[%emt 0:00:21]} 7. Qc2 {[%emt 0:01:11]} e6 {[%emt 0:01:29]} 8. Ngf3 {[%emt 0:01:19]} Be7 {[%emt 0:00:11]} 9. Be2 {[%emt 0:00:19]} O-O {[%emt 0:00:09]} 10. h3 {[%emt 0:00:12]} Qa5 {[%emt 0:02:12]} 11. O-O {[%emt 0:01:15]} b5 {[%emt 0:00:07]} 12. a3 {[%emt 0:00:15]} Qb6 {[%emt 0:00:30]} 13. e4 {[%emt 0:02:06]} a5 {[%emt 0:06:14]} 14. Rfe1 {[%emt 0:03:22]} Bb7 {[%emt 0:01:43]} 15. exd5 {[%emt 0:02:50]} exd5 {[%emt 0:01:06]} 16. Ne5 {[%emt 0:00:46]} Nxe5 {[%emt 0:00:36]} 17. Bxe5 {[%emt 0:01:10]} Nd7 {[%emt 0:02:05]} 18. Bf3 {[%emt 0:01:16]} Bf6 {[%emt 0:01:37]} 19. Bxf6 {[%emt 0:01:00]} Qxf6 {[%emt 0:00:37]} 20. a4 {[%emt 0:04:05]} Qb6 {[%emt 0:07:07]} 21. Re7 {[%emt 0:01:59]} Bc6 {[%emt 0:00:39]} 22. axb5 {[%emt 0:09:10]} Qxb5 {[%emt 0:00:15]} 23. Be2 {[%emt 0:09:38]} a4 {[%emt 0:01:58]} 24. Rb1 {[%emt 0:02:11]} Qa5 {[%emt 0:11:22]} 25. Bf3 {[%emt 0:01:08]} Qc7 {[%emt 0:01:23]} 26. Qf5 {[%emt 0:03:15]} Rae8 {[%emt 0:04:56]} 27. Rxe8 {[%emt 0:01:38]} Rxe8 {[%emt 0:00:08]} 28. Bxd5 {[%emt 0:00:11]} Nb6 {[%emt 0:03:21]} 29. Bxc6 {[%emt 0:02:16]} Qxc6 {[%emt 0:00:07]} 30. Nf3 {[%emt 0:02:42]} Nd5 {[%emt 0:05:13]} 31. Ne5 {[%emt 0:04:41]} Qc7 {[%emt 0:00:26]} 32. Qf3 {[%emt 0:01:09]} Rd8 {[%emt 0:02:05]} 33. Qe2 {[%emt 0:02:54]} Rc8 {[%emt 0:01:23]} 34. Re1 {[%emt 0:00:34]} Re8 {[%emt 0:02:26]} 35. Qf3 {[%emt 0:01:22]} Nf6 {[%emt 0:02:32]} 36. Ra1 {[%emt 0:00:41]} Qb8 {[%emt 0:06:37]} 37. Rxa4 {[%emt 0:00:52]} Qxb2 {[%emt 0:03:50]} 38. Rxc4 {[%emt 0:00:31]} Qb1+ {[%emt 0:01:39]} 39. Kh2 {[%emt 0:00:07]} Qb8 {[%emt 0:00:56]} 40. Qc6 {[%emt 0:00:00]} Qb2 {[%emt 0:05:11]} 41. Ng4 {[%emt 0:03:05]} Nxg4+ {[%emt 0:01:05]} 42. hxg4 {[%emt 0:00:10]} Rf8 {[%emt 0:00:10]} 43. Qf3 {[%emt 0:00:39]} Qb5 {[%emt 0:01:20]} 44. Rc5 {[%emt 0:00:26]} Qb6 {[%emt 0:00:41]} 45. Qh3 {[%emt 0:00:58]} Qf6 {[%emt 0:00:37]} 46. Qg3 {[%emt 0:01:12]} Qh6+ {[%emt 0:00:27]} 47. Rh5 {[%emt 0:00:09]} Qd2 {[%emt 0:01:37]} 48. d5 {[%emt 0:01:09]} g6 {[%emt 0:01:33]} 49. Re5 {[%emt 0:00:20]} Qh6+ {[%emt 0:00:08]} 50. Qh3 {[%emt 0:04:14]} Qf4+ {[%emt 0:00:06]} 51. Qg3 {[%emt 0:00:58]} Qh6+ {[%emt 0:00:04]} 52. Kg1 {[%emt 0:00:27]} Qc1+ {[%emt 0:00:07]} 53. Kh2 {[%emt 0:00:23]} Qh6+ {[%emt 0:00:15]} 54. Qh3 {[%emt 0:00:19]} Qf4+ {[%emt 0:00:07]} 55. Qg3 {[%emt 0:00:04]} Qh6+ {[%emt 0:00:10]} 56. Kg1 {[%emt 0:00:03]} Qc1+ {[%emt 0:00:08]} 57. Kh2 {[%emt 0:00:14]} Qh6+ {[%emt 0:00:27]} 58. Qh3 {[%emt 0:00:16]} Qf4+ {[%emt 0:00:06]} 1/2-1/2

[Event "EYCC 2017"]
[Site "Mamaia"]
[Date "2017.09.11"]
[Round "6"]
[White "Abaszada, Suada"]
[Black "Shukhman, Anna"]
[Result "0-1"]
[WhiteElo "1295"]
[BlackElo "1583"]
[Annotator "NA"]
[PlyCount "120"]
[EventDate "2017.??.??"]
[EventType "swiss"]
[EventCountry "ROU"]
[SourceTitle "playchess.com"]
[Source "ChessBase"]
[SourceQuality "1"]
[TimeControl "40/5400+30:1800+30"]

1. c4 {[%emt 0:00:00]} Nf6 {[%emt 0:00:04]} 2. Nf3 {[%emt 0:00:58]} g6 {[%emt 0:00:16]} 3. g3 {[%emt 0:00:30]} Bg7 {[%emt 0:00:09]} 4. Bg2 {[%emt 0:01:07]} O-O {[%emt 0:00:17]} 5. O-O {[%emt 0:01:34]} c5 {[%emt 0:00:38]} 6. Nc3 {[%emt 0:00:48]} Nc6 {[%emt 0:01:18]} 7. d3 {[%emt 0:07:05]} d6 {[%emt 0:01:49]} 8. Rb1 {[%emt 0:01:56]} Nd7 {[%emt 0:02:09]} 9. a3 {[%emt 0:03:09]} Nde5 {[%emt 0:02:42]} 10. Bd2 {[%emt 0:09:38]} Nxf3+ {[%emt 0:02:34]} 11. exf3 {[%emt 0:02:50]} Ne5 {[%emt 0:04:56]} 12. Qc2 {[%emt 0:08:24]} Bf5 {[%emt 0:00:40]} 13. Ne4 {[%emt 0:00:51]} d5 {[%emt 0:01:34]} 14. cxd5 {[%emt 0:30:28]} Qxd5 {[%emt 0:00:46]} 15. g4 {[%emt 0:19:26]} Be6 {[%emt 0:06:04]} 16. Qxc5 {[%emt 0:02:29]} Nxd3 {[%emt 0:01:52]} 17. Qxe7 {[%emt 0:03:08]} Qd8 {[%emt 0:05:30]} 18. Qxd8 {[%emt 0:02:38]} Rfxd8 {[%emt 0:00:37]} 19. b4 {[%emt 0:00:32]} Rac8 {[%emt 0:02:21]} 20. Bg5 {[%emt 0:00:46]} Rd5 {[%emt 0:01:33]} 21. Bf6 {[%emt 0:01:04]} Rc2 {[%emt 0:02:10]} 22. Bxg7 {[%emt 0:00:51]} Kxg7 {[%emt 0:00:07]} 23. Rbd1 {[%emt 0:00:42]} Nf4 {[%emt 0:01:44]} 24. Rxd5 {[%emt 0:00:28]} Bxd5 {[%emt 0:00:16]} 25. Nd6 {[%emt 0:00:24]} Nxg2 {[%emt 0:02:36]} 26. Kxg2 {[%emt 0:00:14]} Rc3 {[%emt 0:03:16]} 27. Ne4 {[%emt 0:00:23]} Rxa3 {[%emt 0:00:09]} 28. Rd1 {[%emt 0:00:28]} Bc6 {[%emt 0:00:33]} 29. Rc1 {[%emt 0:01:05]} f5 {[%emt 0:02:00]} 30. gxf5 {[%emt 0:00:04]} gxf5 {[%emt 0:00:05]} 31. Rc3 {[%emt 0:00:04]} Ra4 {[%emt 0:00:48]} 32. Nd6 {[%emt 0:00:44]} Kg6 {[%emt 0:00:33]} 33. b5 {[%emt 0:00:26]} Bd5 {[%emt 0:00:41]} 34. Rc5 {[%emt 0:00:47]} Rd4 {[%emt 0:01:03]} 35. Rc3 {[%emt 0:00:44]} Bxf3+ {[%emt 0:00:47]} 36. Rxf3 {[%emt 0:00:07]} Rxd6 {[%emt 0:00:05]} 37. Rg3+ {[%emt 0:00:34]} Kh6 {[%emt 0:00:14]} 38. Rh3+ {[%emt 0:00:10]} Kg7 {[%emt 0:00:06]} 39. Rg3+ {[%emt 0:00:08]} Rg6 {[%emt 0:00:05]} 40. Rxg6+ {[%emt 0:00:00]} hxg6 {[%emt 0:00:06]} 41. Kf3 {[%emt 0:00:52]} a5 {[%emt 0:00:17]} 42. Ke3 {[%emt 0:01:06]} Kf6 {[%emt 0:00:18]} 43. Kd3 {[%emt 0:00:48]} Ke5 {[%emt 0:00:06]} 44. Kc4 {[%emt 0:03:57]} b6 {[%emt 0:00:16]} 45. Kd3 {[%emt 0:00:16]} g5 {[%emt 0:00:07]} 46. Ke3 {[%emt 0:00:49]} f4+ {[%emt 0:00:06]} 47. Kd3 {[%emt 0:00:28]} g4 {[%emt 0:00:05]} 48. Kd2 {[%emt 0:03:27]} Kd4 {[%emt 0:00:08]} 49. Ke2 {[%emt 0:01:07]} a4 {[%emt 0:00:15]} 50. Kd2 {[%emt 0:00:28]} Kc4 {[%emt 0:00:12]} 51. Kc2 {[%emt 0:02:05]} Kxb5 {[%emt 0:00:10]} 52. Kb1 {[%emt 0:00:16]} Kb4 {[%emt 0:00:04]} 53. Kb2 {[%emt 0:00:26]} a3+ {[%emt 0:00:05]} 54. Ka2 {[%emt 0:00:06]} Ka4 {[%emt 0:00:05]} 55. Ka1 {[%emt 0:00:40]} Kb3 {[%emt 0:00:06]} 56. Kb1 {[%emt 0:00:10]} a2+ {[%emt 0:00:05]} 57. Ka1 {[%emt 0:00:09]} f3 {[%emt 0:00:19]} 58. h3 {[%emt 0:00:20]} g3 {[%emt 0:00:05]} 59. fxg3 {[%emt 0:00:49]} f2 {[%emt 0:00:06]} 60. g4 {[%emt 0:00:15]} f1=Q# {[%emt 0:00:13]} 0-1